Financial Innovation and Risk Sharing
Salvato in:
| Autore principale: | |
|---|---|
| Altri autori: | |
| Natura: | Libro |
| Lingua: | inglese |
| Pubblicazione: |
Cambridge
The MIT Press
1994
|
| Edizione: | 1. ed. |
| Soggetti: | |
| Tags: |
Nessun Tag, puoi essere il primo ad aggiungerne!!
|
MARC
| LEADER | 00000nam a2200000 4500 | ||
|---|---|---|---|
| 001 | c013453 | ||
| 005 | 20221205140520.3 | ||
| 020 | |a 0-262-01141-7 | ||
| 041 | 0 | |a eng | |
| 044 | |a US | ||
| 245 | 1 | 0 | |a Financial Innovation and Risk Sharing |c Franklin Allen, Douglas Gale |
| 250 | |a 1. ed. | ||
| 264 | 1 | |a Cambridge |b The MIT Press |c 1994 | |
| 300 | |a 379 s. | ||
| 610 | 2 | 0 | |a riziko |
| 610 | 2 | 0 | |a financie |
| 610 | 2 | 0 | |a inovácia |
| 610 | 2 | 0 | |a reorganizácia finančná |
| 100 | 1 | |a Allen, Franklin | |
| 700 | 1 | |a Gale, Douglas | |